Simple approach to polymer chemistry / (Record no. 38121)

MARC details
000 -LEADER
fixed length control field 00718nam a22001937a 4500
005 - DATE AND TIME OF LATEST TRANSACTION
control field 20100728154121.0
010 ## - LCCN (DPL NO)
LC control number ENG-97217
020 ## - INTERNATIONAL STANDARD BOOK NUMBER
International Standard Book Number 9789380060637
Terms of availability 175.00
035 ## - SYSTEM CONTROL NUMBER
System control number EN-80750
037 ## - SOURCE OF ACQUISITION
Source of stock number/acquisition DBAD/PUB
082 ## - DEWEY DECIMAL CLASSIFICATION NUMBER
Classification number 547.7
100 ## - MAIN ENTRY--PERSONAL NAME
Personal name Perumalraj,K
245 ## - TITLE STATEMENT
Title Simple approach to polymer chemistry /
Statement of responsibility, etc by K Perumalraj
260 ## - PUBLICATION, DISTRIBUTION, ETC. (IMPRINT)
Place of publication, distribution, etc Salem
Name of publisher, distributor, etc M S K Publications
Date of publication, distribution, etc 2009
270 ## - ADDRESS
Address 3/189-E, Athanoor Amman Kovil St, Masinayaganpatti-post Ayyothiyappattinam /
City Salem
Postal code 636103
300 ## - PHYSICAL DESCRIPTION
Extent 112p.
Dimensions 20cm (pbk)
942 ## - ADDED ENTRY ELEMENTS (KOHA)
Source of classification or shelving scheme Dewey Decimal Classification
Item type English Books
Classification part 547.7
Call number suffix PER
Holdings
Withdrawn status Lost status Not for loan Collection code Home library Current library Date acquired Source of acquisition Cost, normal purchase price Full call number Barcode Copy number Cost, replacement price Koha item type
    Not For Loan Non-fiction D.B.Act.Division D.B.Act.Division 28/07/2010 DBAD/PUB 175.00 547.7 PER EN-80750 1 175.00 English Books

© Delhi Public Library
Hit Counter
free hit counter